Loading...
| Philosophy | 0 | 9 | 0 | 1 | 90 | 104 | 115.67 | 0 | 9 |
| Literature - World Literature | 0 | 6 | 0 | 0 | 60 | 107 | 129.83 | 0 | 6 |
| Social Science | 0 | 6 | 1 | 1 | 55 | 106 | 118.00 | 0 | 5 |
| Literature - American Literature | 0 | 5 | 0 | 1 | 50 | 68 | 124.20 | 0 | 4 |
| Beliefs | 0 | 5 | 0 | 0 | 50 | 106 | 118.00 | 1 | 4 |
| Visual Arts | 0 | 5 | 0 | 0 | 50 | 94 | 123.60 | 0 | 3 |
| Literature - British Literature | 0 | 4 | 0 | 0 | 40 | 93 | 123.00 | 1 | 3 |
| Literature - European Literature | 0 | 4 | 0 | 1 | 40 | 62 | 105.75 | 0 | 4 |
| History - World History | 0 | 3 | 0 | 1 | 30 | 117 | 129.67 | 0 | 2 |
| History - European History | 0 | 3 | 0 | 0 | 30 | 111 | 116.67 | 0 | 3 |
| History - American History | 0 | 2 | 0 | 1 | 20 | 112 | 118.50 | 0 | 2 |
| Fine Arts - Other Arts | 0 | 2 | 0 | 0 | 20 | 115 | 120.50 | 0 | 2 |
| Science - Biology | 0 | 2 | 0 | 0 | 20 | 113 | 118.00 | 0 | 2 |
| Auditory Arts | 0 | 3 | 3 | 1 | 15 | 129 | 132.67 | 1 | 2 |
| Other Academic | 0 | 1 | 0 | 0 | 10 | 112 | 112.00 | 0 | 0 |
| Science - Chemistry | 0 | 1 | 0 | 0 | 10 | 109 | 109.00 | 1 | 1 |
| Current Events | 0 | 1 | 0 | 1 | 10 | 123 | 123.00 | 0 | 0 |
| Science - Physics | 0 | 1 | 1 | 0 | 5 | 101 | 101.00 | 0 | 1 |
| Geography | 0 | 0 | 0 | 0 | 0 | 0.00 | 0 | 0 | |
| History - Ancient History | 0 | 0 | 0 | 0 | 0 | 0.00 | 0 | 0 | |
| History - Other History | 0 | 0 | 0 | 0 | 0 | 0.00 | 0 | 0 | |
| Science - Other Science | 0 | 0 | 1 | 0 | -5 | 0.00 | 0 | 0 |